| 000 | 00673nam a2200181Ia 4500 | ||
|---|---|---|---|
| 008 | 100917s9999 xx 000 0 und d | ||
| 082 | _b29857 | ||
| 100 | _aभट म. दा. | ||
| 245 | _aस्वामी स्वरूपानंद अलौकिक राजयोगी | ||
| 260 |
_bेके. वा. जोशी _c1976 |
||
| 300 | _a152 | ||
| 365 | _b16 | ||
| 520 | _aचरित्र | ||
| 630 | _aस्वामी स्वरूपानंद अलौकिक राजयोगी | ||
| 650 | _aचरित्र | ||
| 730 | _aस्वामी स्वरूपानंद अलौकिक राजयोगी | ||
| 942 | _cBOOK | ||
| 999 |
_c635251 _d635248 |
||